Geography Quiz

Random Geography or State Quiz

Name The 2nd Largest City in Every State Quiz Stats

 Plays Quiz not verified by Sporcle

Score 0/50 Timer 10:00
0 Plays Today
Hint Answer % Correct
CaliforniaSan Diego
96.4%
FloridaMiami
92.8%
AlaskaJuneau
90.4%
AlabamaMontgomery
88%
Colorado Colorado Springs
88%
LouisianaBaton Rouge
85.5%
MinnesotaSt Paul
85.5%
OhioCleveland
85.5%
MissouriSt Louis
84.3%
PennsylvaniaPittsburgh
84.3%
DelawareDover
83.1%
NebraskaLincoln
83.1%
New YorkBuffalo
83.1%
OklahomaTulsa
83.1%
TennesseeNashville
83.1%
North CarolinaRaleigh
81.9%
TexasSan Antonio
81.9%
New JerseyJersey City
78.3%
WisconsinMadison
77.1%
KentuckyLexington
75.9%
North DakotaBismarck
74.7%
South CarolinaCharleston
73.5%
Washington Spokane
73.5%
ConneticutNew Haven
72.3%
IndianaFort Wayne
68.7%
Hint Answer % Correct
OregonSalem
67.5%
VirginiaNorfolk
66.3%
Michigan Grand Rapids
65.1%
IowaCedar Rapids
62.7%
MassachusettsWorcester
62.7%
NevadaHenderson
62.7%
GeorgiaColumbus
60.2%
HawaiiHilo
57.8%
ArizonaTucson
56.6%
IllinoisAurora
55.4%
Kansas Overland Park
55.4%
Montana Missoula
55.4%
New MexicoLas Cruces
54.2%
ArkansasFort Smith
53%
MississippiGulfport
48.2%
WyomingCasper
48.2%
New HampshireNashua
47%
South DakotaRapid City
44.6%
West VirginiaHuntington
43.4%
Rhode IslandWarwick
42.2%
UtahWest Valley City
42.2%
IdahoNampa
41%
MaineLewiston
33.7%
MarylandColumbia
20.5%
VermontEssex
19.3%

You're not logged in!

Compare scores with friends on all Sporcle quizzes.
OR
Log In

Sporcle TV

Today on Sporcle TV


Watch our educational content, quiz creation guides, and fun videos on Sporcle TV.

Show Comments

Extras

Created Jul 18, 2016ReportNominate
Tags:City Quiz, State Quiz, 2nd, largest

Top Quizzes Today


Score Distribution

Your Account Isn't Verified!

In order to create a playlist on Sporcle, you need to verify the email address you used during registration. Go to your Sporcle Settings to finish the process.

Report this User

Report this user for behavior that violates our Community Guidelines.

Details: